00723nam a22002057a 4500003000900000008004100009040007100050082002500121100002000146245003500166260003400201300002700235505014800262650002100410650002600431650001100457650000900468650001400477700002600491AR-CdUCM190430b ||||| |||| 00| 0 spa d aMUNICIPALIDAD PROVINCIAL DEL CUSCOcBIBLIOTECA MUNICIPAL DEL CUSCO 22ed.a869.508 /bM64 aMiró, César aLa ciudad del río hablador / aLima :bNuevos rumbos,c1959. a93 páginas ;c17 cm. aContenido: La ciudad del rió hablador -- Mio cid conquistador -- Historia del caballero sin tiempo -- Palinodia del parque de los garifos ... aEnsayos peruanos aEnsayos de costumbres aPerú aLima aSiglo XX. aBonilla Amado, José